Kitab ilmu pokok-pokok

Bibliographic Details
Main Author: BROWNE 1907-
Format: Book
Published: Kuala Lumpur : The Forest Department , [1938]
Subjects:

MARC

LEADER 00000cam a2200000 7i4500
001 0000001249
005 20040225.0
090 0 0 |a JPSM634.9095951   |b BRO [1938] 
100 1 0 |a BROWNE   |h Francis George   |c 1907- 
245 1 0 |a Kitab ilmu pokok-pokok   |c F. G. Browne 
260 0 0 |a Kuala Lumpur :   |b The Forest Department ,   |c [1938] 
300 |a 66 p. ;   |c 25 cm. 
650 0 0 |a Forests and forestry 
650 0 0 |a Trees   |z Peninsular Malaysia 
998 |a JPSM 
999 |a 0000002253   |b Monograph   |c Open Shelf   |e Default branch 
999 |a 0000003015   |b Monograph   |c Reference   |e Default branch 
999 |a 0000003853   |b Monograph   |c Open Shelf   |e Default branch